[Event "2025 Spring TNM: 1600-1999"]
[Site "San Francisco"]
[Date "2025.04.08"]
[Round "6.18"]
[White "Stults, Sawyer"]
[Black "Morello, Nicholas"]
[Result "1/2-1/2"]
[Annotator "Stults,Sawyer"]
[WhiteElo "1424"]
[BlackElo "1655"]
[PlyCount "125"]
[GameId "2164993198039742"]
[EventDate "2025.??.??"]

{[%evp 0,125,12,39,2,-11,-46,-32,11,-70,1,-29,-8,-11,-15,-20,-6,-10,-10,-8,-13,-27,66,1,51,55,55,66,77,81,106,78,69,63,85,11,15,-11,-8,0,6,20,23,8,32,6,3,54,42,25,-9,0,75,229,64,75,100,91,68,94,96,96,96,96,122,179,174,167,161,159,168,195,195,164,140,165,168,86,211,36,129,26,122,91,37,31,39,40,-1,0,1,1,1,1,1,-1,-1,-5,1,-1,-1,-1,-1,-1,-70,-1,1,8,1,4,20,1,7,1,1,11,0,0,0,0,0,0,0,0,0,0,0,0]} 1. e4 e5 2. f4 $6 {Inaccuracy. Nf3 was best. Inaccuracy. Nf3 was best.} (2. Nf3 Nc6 3. Bb5 Nf6 4. O-O Nxe4 5. Re1 Nd6 6. Nxe5 Be7) 2... exf4 3. Nf3 Ne7 4. d4 d5 5. e5 Ng6 6. h4 h5 7. Bd3 Bg4 8. Bxg6 fxg6 9. Qd3 Bf5 10. Qb5+ Qd7 $6 {Inaccuracy. Nc6 was best. Inaccuracy. Nc6 was best.} (10... Nc6 11. Bxf4) 11. Qxb7 Qc6 12. Qxc6+ Nxc6 13. c3 Be7 14. Bxf4 Nd8 15. Nbd2 Ne6 16. Be3 c5 17. b3 $6 {Inaccuracy. dxc5 was best. Inaccuracy. dxc5 was best.} (17. dxc5 Nxc5 18. Bxc5 Bxc5 19. Nb3 Be3 20. Ke2 Bf4 21. Nbd4 O-O 22. Nxf5 Rxf5) 17... Rc8 18. c4 $6 {Inaccuracy. dxc5 was best.} (18. dxc5 Bxc5 19. Bxc5 Rxc5 20. c4 a5 21. O-O O-O 22. Rac1 Rfc8 23. Rfe1 Bd3) 18... cxd4 19. Nxd4 Nxd4 20. Bxd4 dxc4 21. Nxc4 Bb4+ (21... Bc5) 22. Kf2 O-O 23. Kg3 Bc5 $6 {Inaccuracy. Rfd8 was best.} (23... Rfd8) 24. Rhd1 Be6 25. Rac1 $6 {Inaccuracy. Nd6 was best.} (25. Nd6 Rc6) 25... Bxd4 $6 {Inaccuracy. Be7 was best.} (25... Be7) 26. Rxd4 Rc5 27. Rd6 Bxc4 28. Rxc4 Rxe5 29. Rxg6 Kh7 30. Rg5 Rxg5+ 31. hxg5 Rf5 $4 {Blunder. a5 was best.} (31... a5 32. Rc7 Kg6 33. Rc6+ Kh7 34. Kh4 g6 35. g4 Rf2 36. Rc7+ Kh8 37. a4) 32. Kh4 Rf2 $6 {Inaccuracy. Ra5 was best.} (32... Ra5 33. a4 g6 34. g4 hxg4 35. Kxg4 Kg7 36. Rc6 Kf7 37. Rf6+ Kg7 38. Kf4) 33. Ra4 Rxg2 34. Kxh5 Rh2+ 35. Kg4 Rg2+ 36. Kf4 Rf2+ 37. Ke3 Rf7 38. Ra6 Rd7 39. a4 $4 {Blunder. b4 was best.} (39. b4 Rb7 40. a3 Rb5 41. Rxa7 Rxg5 42. a4) 39... Rb7 40. Kd4 Rxb3 41. Rxa7 Rg3 42. Ra5 Kg6 43. Kc4 Rg4+ 44. Kb3 Rg3+ 45. Kc4 Rg4+ 46. Kd3 Rg3+ 47. Ke4 Rg4+ 48. Kf3 Rb4 49. Kg3 (49. Ke3) 49... Rb3+ 50. Kf4 Rb4+ 51. Ke5 Kxg5 52. Kd6+ Kf4 53. Kc5 Re4 54. Ra7 g5 55. a5 g4 56. a6 Ra4 57. Rf7+ Ke3 58. a7 g3 59. Kb6 g2 60. Rg7 Kf2 61. Kb7 Rxa7+ 62. Kxa7 g1=Q 63. Rxg1 1/2-1/2

[Event "2025 Spring TNM: 1600-1999"]
[Site "San Francisco"]
[Date "2025.04.08"]
[Round "6.19"]
[White "Siegel, David"]
[Black "Yan, Rayna"]
[Result "1/2-1/2"]
[Annotator "Siegel,David"]
[WhiteElo "1446"]
[BlackElo "1642"]
[PlyCount "216"]
[GameId "2165291851912530"]
[EventDate "2025.??.??"]

1. e4 c6 2. d4 d5 3. exd5 cxd5 4. c4 Nf6 5. Nc3 dxc4 6. Bxc4 e6 7. Nf3 Nc6 8. O-O Be7 9. Re1 O-O {There are 153 games in the master's database in this position, White's next move is a deviation.} 10. Be3 Nb4 11. Qb3 b6 12. Bg5 Nc6 {My plan in playing 11. Qb3 was to play Rad1. I should have just played that instead of messing around with Bg5 (although the computer prefers Ne5). I overlooked 12... Nc6, which was excellent, as it threatens Na5 while preventing the bishop on e7 from becoming overloaded. Putting my rook on d1 will now cost me the bishop pair.} 13. Rad1 Na5 14. Qa4 Nxc4 15. Qxc4 Bb7 16. Qe2 Nd5 17. Bxe7 Qxe7 18. Ne5 Nf4 {Just a blunder. After Nxg2 White is down a pawn and in what felt like a truly miserable position.} 19. Qg4 Nxg2 20. Re2 Qh4 21. Qxh4 Nxh4 22. Re3 Nf5 23. Rh3 Rfd8 24. Rhd3 Rac8 25. d5 exd5 26. Nxd5 Bxd5 {White is still down a pawn but the position seems much better.} 27. Rxd5 Rxd5 28. Rxd5 f6 29. Nd3 Ne7 30. Rd7 Nc6 31. b4 Rd8 32. Rc7 Rxd3 33. Rxc6 Rd7 34. Rc3 Kf7 35. Re3 g6 36. Kg2 f5 37. Kf3 Re7 38. Rd3 Kf6 39. a3 g5 40. h3 h5 41. Kg3 h4+ 42. Kf3 Rg7 43. a4 Ke5 44. a5 g4+ 45. Kg2 bxa5 46. bxa5 Ke4 47. Rb3 Kf4 48. Rb4+ Kg5 49. Kh2 Re7 50. Kg2 Rg7 51. a6 Rg6 52. Ra4 Re6 53. Ra5 Kf4 54. Ra4+ Re4 55. Ra3 Re2 56. Ra4+ Kg5 57. hxg4 fxg4 58. Kf1 Re6 59. Kg2 Rf6 60. Ra5+ Rf5 61. Ra4 h3+ 62. Kg1 Re5 63. Kh2 Rf5 64. Kg1 Rf6 65. Ra5+ Kh4 66. Ra4 Rb6 67. f3 Rb1+ 68. Kh2 Rb2+ 69. Kh1 Kg3 70. Rxg4+ Kxf3 71. Ra4 h2 {The computer thought it was a draw for several moves already, but I wasn't sure. Now that the White king is out of squares a draw is easier to find through stalemate threats.} 72. Rf4+ Ke3 73. Re4+ Kd3 74. Rd4+ Kc2 75. Rc4+ Kd2 76. Rd4+ Kc3 77. Rc4+ Kb3 78. Rb4+ Kc2 79. Rxb2+ Kxb2 80. Kxh2 Kb3 81. Kg2 Kb4 82. Kf2 Kc3 83. Ke2 Kc2 84. Ke1 Kb3 85. Kd1 Kb2 86. Kd2 Kb3 87. Kc1 Ka2 88. Kc2 Ka3 89. Kb1 Ka4 90. Ka1 Ka5 91. Ka2 Kxa6 92. Ka1 Kb5 93. Kb1 a5 94. Ka1 Kb4 95. Ka2 a4 96. Ka1 Ka3 97. Kb1 Kb3 98. Ka1 a3 99. Kb1 Kc3 100. Ka2 Kb4 101. Ka1 Kb5 102. Ka2 Ka4 103. Ka1 Kb3 104. Kb1 Ka4 105. Ka1 Ka5 106. Ka2 Kb4 107. Ka1 Kb3 108. Kb1 a2+ 1/2-1/2

[Event "2025 Spring TNM: 1600-1999"]
[Site "San Francisco"]
[Date "2025.04.08"]
[Round "6.20"]
[White "Pickering, Carl Anthony"]
[Black "Schaezlein, Charlie"]
[Result "1-0"]
[Annotator "Winslow,Elliott"]
[WhiteElo "1634"]
[BlackElo "1473"]
[PlyCount "67"]
[GameId "2165291851912531"]
[EventDate "2025.??.??"]

1. d4 Nf6 2. Nc3 e6 3. e4 d5 4. Be3 dxe4 5. f3 Bb4 6. Bc4 Nd5 7. Qd2 Nd7 8. a3 Bxc3 9. bxc3 b6 10. Bg5 e3 {[#]} 11. Bxe3 Nxe3 12. Qxe3 Nf6 13. Ne2 Bb7 14. Bb5+ c6 15. Bd3 Nd5 16. Qe4 Qe7 17. O-O Nf6 18. Qe5 c5 19. Bb5+ Kf8 20. Rfe1 Rc8 21. Bd3 c4 22. Be4 Nxe4 23. fxe4 f6 24. Qh5 Qf7 25. Qh3 Re8 26. Qe3 g5 27. Rf1 Qg6 28. Ng3 Rg8 29. Qe2 Rc8 30. Rf2 b5 31. a4 a6 32. axb5 axb5 33. Ra7 Bc6 34. Nh5 1-0

[Event "2025 Spring TNM: 1600-1999"]
[Site "San Francisco"]
[Date "2025.04.08"]
[Round "6.21"]
[White "Tam, Hoa Long"]
[Black "Harris, Clarence"]
[Result "1-0"]
[Annotator "Winslow,Elliott"]
[WhiteElo "1589"]
[BlackElo "1400"]
[PlyCount "61"]
[GameId "2164983752818733"]
[EventDate "2025.??.??"]

{[%evp 0,61,16,32,22,16,22,14,8,20,20,22,25,13,55,34,5,12,49,34,91,78,494,549,503,518,688,599,613,479,518,512,514,530,554,511,485,495,517,483,623,559,640,648,636,661,666,596,547,583,454,556,590,568,644,622,688,607,710,523,814,512,811,655]} 1. e4 e5 2. Nf3 Nc6 3. Bc4 Nf6 4. Ng5 d5 5. exd5 Na5 6. Bb5+ c6 7. dxc6 bxc6 8. Bd3 h6 (8... Nd5 {is the most common, best scoring, move seen now, including at the highest levels and on down. It was seen in Tam-Horde, Summer TNM, May 2023 -- annotated in the archive by both players, so profusely by both that I left the notes in two separate games!} 9. Nf3 (9. Ne4 $6 f5) 9... Bd6 10. O-O O-O (10... Nf4 $5 11. Re1 Nxd3 12. cxd3 O-O {1-0 (47) Tam,H (1450)-Horde,N (1465) San Francisco 2023 [Tam,Hoa Long]: 1-0 (47) Tam,H (1450)-Horde,N (1465) San Francisco 2023 [Horde,Nicolas T]}) 11. Re1 f5 $1 12. Nxe5 (12. Rxe5 $6 g5 $1) 12... Qf6 13. Nf3 g5 $1 {Hoa-Long sent me this note by Wesley So from his Chessable course in 2021: "This position has been played in a few high-level games recently, and the status of the position is very unclear."}) 9. Ne4 {[#]} Bf5 $2 {This has been played 20 times in the database -- 20-0. Not promising!} (9... Nd5 {is still the most common move for Black.}) ({Curiously someone played} 9... Bg4 $4 {against Hoa-Long a couple years ago, essentially the same blunder.}) 10. Nbc3 $16 {One of the best!} (10. Nxf6+ {is the other} Qxf6 11. Bxf5 Qxf5 12. d3 $16) 10... Bg4 $4 11. Nxf6+ Qxf6 12. Qxg4 $18 Bc5 13. O-O h5 14. Qf5 Qxf5 15. Bxf5 g6 16. Bh3 (16. Bd3) (16. Re1 $5) 16... f5 17. d3 Kf7 18. Be3 Be7 19. f4 Bd6 {[#]} 20. Ne4 Nb7 21. Nxd6+ Nxd6 22. fxe5 Ne8 23. Bc5 Nc7 24. d4 Ne6 25. b4 a6 26. g3 Ng5 27. Bg2 Rac8 28. c3 Rhd8 29. Rf2 Ke6 30. Raf1 Rc7 31. Bb6 1-0

[Event "2025 Spring TNM: 1600-1999"]
[Site "San Francisco"]
[Date "2025.04.08"]
[Round "6.23"]
[White "Touset, Stephen"]
[Black "Casares, Nick"]
[Result "1-0"]
[Annotator "Touset,Stephen"]
[WhiteElo "1600"]
[BlackElo "1600"]
[PlyCount "69"]
[GameId "2164988430778330"]
[EventDate "2025.??.??"]

{[%evp 0,69,8,23,9,8,-22,14,9,5,17,8,18,16,16,17,57,37,59,40,53,55,55,6,65,18,25,13,15,17,53,-4,-19,-39,36,21,47,45,28,26,83,137,148,175,372,461,349,202,192,358,355,368,350,367,480,248,366,291,306,327,378,326,414,336,431,495,458,485,461,383,1116,1111]} 1. d4 d5 2. Bf4 Nf6 3. e3 e6 4. Nf3 Nbd7 5. Nbd2 a6 6. Bd3 c5 7. c3 cxd4 $6 {(0.11 → 0.72) Inaccuracy. Qb6 was best.} (7... Qb6 8. Rb1 Bd6 9. O-O O-O 10. Re1 Qc7 11. Bxd6 Qxd6 12. e4) 8. exd4 b5 9. Ne5 Nxe5 10. dxe5 Nd7 11. Qg4 $2 {(1.05 → -0.05) I wanted to take advantage of Black's lack of development and force Black to fianchetto his dark-squared bishop, to keep it off the very active a7-g1 diagonal. But this was the wrong idea! If Black develops his bishop in this way, his kingside is impossible to defend!} (11. O-O) 11... g6 $6 {[#] (-0.05 → 1.04)} (11... g5) 12. Bg3 {My plan was to push f4 in order to give permanent defense to the pawn and allow the bishop to occupy a more productive diagonal, but this is unnecessary and I should simply begin my attack with 12.h4.} Bg7 13. f4 Nc5 14. Bc2 Bb7 15. Nf3 $6 {(0.94 → 0.14) I didn't want to allow Black to open up his bishop's eyes with an eventual ...d4, but this concedes e4 where his knight becomes a permanent thorn in my side.} (15. Bf2 Ne4 16. Nxe4 dxe4 17. Qe2 Rc8 18. Rd1 Qc7 19. Rd6 Bf8 20. Rb6 e3) 15... Ne4 16. Nd4 Qd7 $6 {(-0.37 → 0.42) Inaccuracy. 16... b4 was best.} (16... b4 17. Ba4+) 17. Bh4 Rc8 18. O-O b4 $6 {[#] (0.83 → 1.40) Inaccuracy. 18... 0-0 was best.} (18... O-O 19. Rad1 Qc7 20. a3 Qb6 21. Be7 Rfe8 22. Bxe4 dxe4 23. Qh4 a5 24. Rfe1) 19. f5 {I am very proud of the amount (and accuracy!) of the calculation I put into this move. It's now or never!} Bxe5 $4 {(1.76 → 4.05) 19... 0-0 ensures Black's bishop is trapped in jail after 20. f6. Best is to play 19... exf5 first, but this still loses due to Black's exposed king and White's incredibly active pieces.} (19... exf5 20. Nxf5 Bxe5 21. Bxe4 $1 dxe4 22. Rad1) (19... O-O 20. f6 Bh8) 20. fxe6 Bxd4+ 21. cxd4 Qxe6 22. Qxe6+ fxe6 23. Ba4+ Bc6 24. Rac1 {[#] I have never seen a more fully activated set of minor pieces. White's rooks are on open files on either side of Black's king and both bishops slice through the king's position on wide open diagonals from either side of the board.} Nc3 25. Bxc6+ Rxc6 26. bxc3 bxc3 27. Rc2 Rc4 28. Bf6 O-O 29. Be5 Rfc8 30. Rf3 Rb4 31. Rfxc3 Rb1+ 32. Kf2 Rxc3 33. Rxc3 Rb2+ 34. Kf3 Rb8 $2 35. Bxb8 1-0

[Event "2025 Spring TNM: u1600"]
[Site "San Francisco"]
[Date "2025.04.08"]
[Round "6.6"]
[White "Quinn, Dahlia"]
[Black "Karwat, Joseph"]
[Result "1-0"]
[WhiteElo "1317"]
[BlackElo "1315"]
[PlyCount "105"]
[GameId "2165291851912534"]
[EventDate "2025.??.??"]

1. e4 {[%emt 0:01:14]} e6 {[%emt 0:00:09]} 2. d4 {[%emt 0:00:13]} d5 {[%emt 0:00:09]} 3. e5 {[%emt 0:00:05]} c5 {[%emt 0:01:16]} 4. c3 {[%emt 0:00:09]} Nc6 {[%emt 0:00:49]} 5. Nf3 {[%emt 0:00:20]} Nge7 {[%emt 0:02:37]} 6. Bd3 {[%emt 0:06:05]} c4 {[%emt 0:04:18]} 7. Bc2 {[%emt 0:00:45]} Ng6 {[%emt 0:02:05]} 8. h4 {[%emt 0:05:54]} Be7 {[%emt 0:06:06]} 9. g3 {[%emt 0:04:16]} f6 {[%emt 0:06:22]} 10. h5 {[%emt 0:04:37]} Nf8 {[%emt 0:00:38]} 11. Bf4 {[%emt 0:07:27]} f5 {[%emt 0:03:53]} 12. Nh4 {[%emt 0:19:48]} Bxh4 {[%emt 0:06:29]} 13. Rxh4 {[%emt 0:01:01]} g5 {[%emt 0:00:11]} 14. hxg6 {[%emt 0:00:24]} Nxg6 {[%emt 0:00:20]} 15. Qh5 {[%emt 0:00:58]} Kd7 {[%emt 0:08:20]} 16. Bg5 {[%emt 0:03:09]} Qg8 {[%emt 0:06:10]} 17. Rh3 {[%emt 0:05:37]} h6 {[%emt 0:04:19]} 18. Bf6 {[%emt 0:01:52]} Rh7 {[%emt 0:02:49]} 19. Nd2 {[%emt 0:05:39]} Nd8 {[%emt 0:06:20]} 20. O-O-O {[%emt 0:04:33]} Nf7 {[%emt 0:01:14]} 21. Nf3 {[%emt 0:02:18]} Kc6 {[%emt 0:10:37]} 22. b4 {[%emt 0:06:48]} a5 {[%emt 0:02:13]} 23. a4 {[%emt 0:01:42]} axb4 {[%emt 0:01:07]} 24. cxb4 {[%emt 0:00:47]} b5 {[%emt 0:00:55]} 25. a5 {[%emt 0:01:36]} Qf8 {[%emt 0:00:35]} 26. Nd2 {[%emt 0:07:56]} Qxb4 {[%emt 0:01:28]} 27. Nb1 {[%emt 0:01:12]} Rxa5 {[%emt 0:01:20]} 28. Qxg6 {[%emt 0:02:24]} Ra1 {[%emt 0:00:35]} 29. g4 {[%emt 0:01:58]} c3 {[%emt 0:00:42]} 30. Rdd3 {[%emt 0:01:43]} Qb2+ {[%emt 0:05:04]} 31. Kd1 {[%emt 0:00:07]} b4 {[%emt 0:00:29]} 32. Qg8 {[%emt 0:04:14]} Rxb1+ {[%emt 0:01:10]} 33. Bxb1 {[%emt 0:00:14]} Qxb1+ {[%emt 0:00:23]} 34. Ke2 Qb2+ {[%emt 0:04:40]} 35. Kf1 {[%emt 0:00:17]} c2 {[%emt 0:02:36]} 36. Rc3+ {[%emt 0:02:30]} bxc3 {[%emt 0:00:16]} 37. Rxc3+ {[%emt 0:00:05]} Qxc3 {[%emt 0:00:47]} 38. Qxc8+ {[%emt 0:00:06]} Kb5 {[%emt 0:00:26]} 39. Qxc3 {[%emt 0:00:10]} fxg4 {[%emt 0:00:16]} 40. Qb3+ {[%emt 0:00:52]} Ka6 {[%emt 0:00:31]} 41. Qxc2 {[%emt 0:00:42]} Ng5 {[%emt 0:00:09]} 42. Qc6+ {[%emt 0:01:12]} Ka7 {[%emt 0:00:16]} 43. Bd8 {[%emt 0:00:38]} Rb7 {[%emt 0:00:16]} 44. Qc5+ {[%emt 0:00:39]} Kb8 {[%emt 0:00:02]} 45. Qd6+ {[%emt 0:00:27]} Ka7 {[%emt 0:00:08]} 46. Bxg5 {[%emt 0:00:19]} hxg5 {[%emt 0:00:02]} 47. Qxe6 {[%emt 0:00:25]} Rb1+ {[%emt 0:00:05]} 48. Kg2 {[%emt 0:00:09]} Rb6 {[%emt 0:00:09]} 49. Qxg4 {[%emt 0:00:14]} Ka6 {[%emt 0:00:56]} 50. Qxg5 {[%emt 0:00:21]} Ka5 {[%emt 0:00:11]} 51. Qd8 {[%emt 0:00:24]} Ka6 {[%emt 0:00:05]} 52. Qxd5 {[%emt 0:00:15]} Rg6+ {[%emt 0:00:05]} 53. Kf1 {[%emt 0:00:07]} 1-0

[Event "2025 Spring TNM: u1600"]
[Site "San Francisco"]
[Date "2025.04.08"]
[Round "6.25"]
[White "Wickliffe, Zachary"]
[Black "Bayaraa, Bilguun"]
[Result "0-1"]
[Annotator "Winslow,Elliott"]
[WhiteElo "1260"]
[BlackElo "1503"]
[PlyCount "129"]
[GameId "2165291851912535"]
[EventDate "2025.??.??"]

1. e4 c5 2. c3 d5 3. exd5 Qxd5 4. d4 Nc6 5. Nf3 Nf6 6. Be2 Bf5 7. O-O e6 8. Na3 cxd4 9. Nb5 Rc8 10. Nfxd4 Bc5 11. Nxf5 Qxf5 12. Nd6+ Bxd6 13. Qxd6 Ne4 14. Qf4 Qxf4 15. Bxf4 {[#]} Ke7 16. Bf3 Nc5 17. Rfd1 Rhd8 18. Be3 Nd3 19. Rd2 Nde5 20. Be4 Rxd2 21. Bxd2 Nc4 22. Bf4 Rd8 23. b3 N4e5 24. h3 Rd7 25. Be3 f5 26. Bc2 Nf7 27. Bc5+ Kf6 28. b4 b6 29. Be3 Nfe5 30. b5 Na5 31. Bd4 f4 32. Re1 Nac4 33. g3 Rxd4 34. cxd4 Nf3+ 35. Kf1 Nxe1 36. Kxe1 fxg3 37. fxg3 Nd6 38. Bd3 Nf5 39. Bxf5 Kxf5 40. Kd2 Ke4 41. Kc3 Kf3 42. Kd3 g5 43. g4 h6 44. a4 Kf4 45. Kd2 Ke4 46. Kc3 Kf3 47. Kd3 Kf4 48. Kd2 Kg3 49. Ke3 Kxh3 50. Ke4 Kxg4 51. Ke5 Kh5 52. Kxe6 g4 53. d5 g3 54. d6 g2 55. d7 g1=Q 56. d8=Q Qg4+ 57. Kf7 Qg6+ 58. Kf8 Qf5+ 59. Ke8 Qe5+ 60. Kf7 Qf5+ 61. Ke8 Qe4+ 62. Kf7 Qh7+ 63. Ke6 Qg6+ 64. Qf6 Qxf6+ 65. Kxf6 0-1

[Event "2025 Spring TNM: u1600"]
[Site "San Francisco"]
[Date "2025.04.08"]
[Round "6.26"]
[White "Lee, Yinpok R"]
[Black "Fitzgerald, William"]
[Result "0-1"]
[Annotator "Winslow,Elliott"]
[WhiteElo "935"]
[BlackElo "1311"]
[PlyCount "56"]
[GameId "2165291851912536"]
[EventDate "2025.??.??"]

1. e4 e5 2. Nf3 Nc6 3. Bc4 Be7 4. c3 Nf6 5. d3 O-O 6. Nbd2 d5 7. exd5 Nxd5 {[#]} 8. Qb3 $4 (8. O-O $1 Nb6 9. Bb5 f6 10. a4 $1 $146 (10. Re1) (10. Nc4) 10... a5 (10... a6 $5 11. Bxc6 bxc6 12. d4 exd4 13. Nxd4 Qd5 $11) 11. Nc4 Nxc4 12. Bxc4+ Kh8 $11) 8... Nf4 $1 $19 9. Qc2 $6 (9. O-O Nxd3) 9... Nxg2+ 10. Kd1 Bf5 11. Ne4 $6 {Oddly dropping a piece doesn't move how lost White is.} (11. Nb3 e4) 11... Bxe4 12. Qe2 Bxf3 (12... Bg6 $1) 13. Qxf3 Nh4 14. Qg4 Ng6 (14... Na5) 15. Kc2 Na5 16. Bb3 Nxb3 17. axb3 Qd5 18. Be3 f5 19. Qe2 f4 20. Bd2 f3 21. Qf1 e4 {[#]} 22. d4 c5 23. Be3 Bg5 24. Bxg5 Qxg5 25. Qc4+ Kh8 26. Rag1 Qf5 27. Kd2 cxd4 28. cxd4 Qf4+ 0-1

[Event "2025 Spring TNM: u1600"]
[Site "San Francisco"]
[Date "2025.04.08"]
[Round "6.27"]
[White "Barreyro, Romeo Belmes"]
[Black "Hack, Richard"]
[Result "1-0"]
[Annotator "Hack,Richard"]
[WhiteElo "1500"]
[BlackElo "1500"]
[PlyCount "61"]
[GameId "2165291851912537"]
[EventDate "2025.??.??"]

{I was ready to win this game, and my aggressive queen-side pawns gave me a passer on the 7th rank. My 16th move led right to winning the exchange. However, my failure to castle kingside gave my esteemed opponent some unnecessary chances, which he took full advantage of.} 1. e4 c5 2. f4 d6 3. Nf3 Nf6 4. Nc3 Nc6 5. Bb5 Bd7 6. O-O a6 7. Be2 Qc7 8. d3 b5 9. a3 e6 10. h3 Be7 11. g4 Nd4 12. Be3 Nxe2+ 13. Qxe2 h6 {Just 0-0 would have been much safer.} 14. d4 b4 15. e5 bxc3 16. exf6 Bb5 17. fxg7 Rg8 18. Qg2 Bxf1 19. Kxf1 cxb2 20. Rb1 Rb8 21. dxc5 d5 {I thought this would give my king more protection in the center while I picked up the c5 pawn a bit later, but 21... dxc5 would have denied White's knight the d4 square during his well-played counterattack.} 22. Qf2 Qa5 23. f5 Rxg7 24. Qg3 Qb5+ 25. Ke1 exf5 26. Qe5 Rg8 27. Nd4 Qb7 28. Nxf5 Kd8 29. Nxe7 Re8 30. Qd6+ Qd7 31. Nc6+ {And mate next move. A few not-so-hot moves cost the second player dearly. I'll have to finish my work on this, then see what the engines will say.} 1-0

[Event "2025 Spring TNM: u1600"]
[Site "San Francisco"]
[Date "2025.04.08"]
[Round "6.28"]
[White "Turner, Robert"]
[Black "Zhao, Brandon"]
[Result "0-1"]
[WhiteElo "1200"]
[BlackElo "1280"]
[PlyCount "38"]
[GameId "2165291851912538"]
[EventDate "2025.??.??"]

1. e4 e6 2. d4 d5 3. Nc3 Bb4 4. Bd2 Bxc3 5. bxc3 dxe4 6. Qg4 Nf6 7. Qxg7 Rg8 8. Qh6 Rg6 9. Qe3 b6 10. g3 Bb7 11. Bg2 Nbd7 12. Nh3 Qe7 13. Ng5 Nd5 14. Qxe4 Rxg5 15. Bxg5 Qxg5 16. c4 O-O-O 17. O-O N7f6 18. Qe5 Qh6 19. cxd5 Ng4 0-1

[Event "2025 Spring TNM: u1600"]
[Site "San Francisco"]
[Date "2025.04.08"]
[Round "6.29"]
[White "Smith, Daniel"]
[Black "Kojevnikov, Alexander"]
[Result "1-0"]
[WhiteElo "1126"]
[BlackElo "1045"]
[PlyCount "71"]
[GameId "2165291851912539"]
[EventDate "2025.??.??"]

1. d4 d5 2. c4 e6 3. Nc3 c5 4. Nf3 cxd4 5. Qxd4 Nc6 6. Qd1 d4 7. Ne4 Nf6 8. Bg5 Be7 9. Bxf6 Bxf6 10. e3 dxe3 11. Qxd8+ Kxd8 12. Nd6 exf2+ 13. Kxf2 Ke7 14. c5 Bxb2 15. Rb1 Ba3 16. Nxc8+ Raxc8 17. Rxb7+ Kf6 18. Ba6 Bxc5+ 19. Ke2 Nb4 20. Bb5 Nxa2 21. Rf1 Nc3+ 22. Kd3 Nxb5 23. Nd4+ Kg6 24. Nxb5 Rhd8+ 25. Ke4 f5+ 26. Ke5 Rb8 27. Rxb8 Rxb8 28. Nc7 a5 29. Nxe6 Re8 30. Rxf5 a4 31. Rg5+ Kh6 32. h4 a3 33. g4 a2 34. Rh5+ Kg6 35. Rg5+ Kf7 36. Rxg7# 1-0

[Event "2025 Spring TNM: u1600"]
[Site "San Francisco"]
[Date "2025.04.08"]
[Round "6.32"]
[White "Singer, Andrew"]
[Black "Cao, Danny Du Uy"]
[Result "1/2-1/2"]
[WhiteElo "1044"]
[BlackElo "1174"]
[PlyCount "63"]
[GameId "2165291851912542"]
[EventDate "2025.??.??"]

1. e4 e6 2. d4 d5 3. Nd2 dxe4 (3... Nf6 4. e5 Nfd7) 4. Nxe4 Bd7 5. Nf3 Bc6 6. Bd3 Nd7 7. Bf4 Ngf6 8. Qe2 Nxe4 9. Bxe4 Bxe4 10. Qxe4 c6 11. Ne5 Be7 (11... Nxe5 12. dxe5 Be7 13. Rd1 (13. O-O) 13... Qa5+ 14. Bd2 (14. c3) 14... Qxa2) 12. O-O (12. O-O-O O-O) 12... Nf6 {White 1 hr 13 min... Black 1 hr 30 min} 13. Qd3 O-O 14. c3 Nd5 (14... c5 15. dxc5 Qxd3 (15... Bxc5 16. Qxd8 Rfxd8) 16. Nxd3) 15. Bg3 Bd6 (15... c5 16. dxc5 Bxc5) 16. f4 c5 17. Kh1 cxd4 18. Qxd4 Ne7 19. Rad1 Nf5 20. Qd3 Nxg3+ {White 54 min ... Black 51 min} 21. Qxg3 (21. hxg3 Bxe5 22. Qxd8 Rfxd8 23. Rxd8+ Rxd8 24. fxe5) 21... Qc7 22. Rd3 Bxe5 23. fxe5 Rad8 24. Rfd1 Rfe8 (24... h6) (24... g6 25. Qg5) (24... Qa5 25. b4 Qc7) 25. Qf4 Rxd3 (25... Qa5) 26. Rxd3 Rd8 27. Rxd8+ Qxd8 28. Qd4 Qxd4 (28... Qg5 29. Qxa7 (29. Kg1 Qc1+ 30. Kf2 Qc2+ 31. Kg3 Qg6+ 32. Qg4 Qd3+ 33. Qf3 Qg6+) 29... Qc1+ 30. Qg1 Qxb2) 29. cxd4 Kf8 30. Kg1 Ke7 (30... f6 31. Kf2 fxe5 (31... Ke7 32. Ke3 f5 33. Kf4 h6) 32. dxe5 Ke7 33. Ke3) 31. Kf2 Kd7 {White 37 min.... Black 29 min} 32. Ke3 {White offers draw... Black accepts} 1/2-1/2

[Event "2025 Spring TNM: u1600"]
[Site "San Francisco"]
[Date "2025.04.08"]
[Round "6.33"]
[White "Myers, Steven Lee"]
[Black "Olson, David R"]
[Result "1-0"]
[WhiteElo "1196"]
[BlackElo "1400"]
[PlyCount "75"]
[GameId "2165291851912543"]
[EventDate "2025.??.??"]

1. e4 c5 2. Nc3 e6 3. Nf3 Nc6 4. Bb5 Qc7 5. d3 Be7 6. O-O a6 7. Bxc6 bxc6 8. Re1 d6 9. d4 cxd4 10. Qxd4 Nf6 11. e5 c5 12. Qh4 Nd5 13. Nxd5 exd5 14. Bg5 Be6 15. Qg3 O-O-O 16. Bxe7 Qxe7 17. Qxg7 Rdg8 18. Qh6 Rg6 19. Qd2 Rhg8 20. g3 dxe5 21. Nxe5 Rh6 22. Qa5 Qb7 23. Qxc5+ Kb8 24. Re3 d4 25. Nc6+ Ka8 26. Nxd4 Rc8 27. Qa5 Bh3 28. f3 f5 29. Rb3 Qa7 30. Qd5+ Rhc6 31. Kh1 Qc5 32. Qxc5 Rxc5 33. c3 h5 34. Re1 Rg8 35. Rb6 Ra5 36. a3 f4 37. gxf4 Rg2 38. Nc6 1-0